[Event "IRL-chT"]
[Site "Dublin"]
[Date "2016.04.23"]
[Round "1"]
[White "Fitzsimons, Pat"]
[Black "Thee, Bernd"]
[Result "1/2-1/2"]
[WhiteElo "1549"]
[BlackElo "1848"]
[PlyCount "89"]
[EventDate "2016.04.23"]
[EventType "team-swiss"]
[EventRounds "4"]
[EventCountry "IRL"]
[SourceTitle "EXT 2023"]
[Source "ChessBase"]
[SourceDate "2022.10.05"]
[SourceVersion "1"]
[SourceVersionDate "2022.10.05"]
[SourceQuality "1"]

1. d4 d5 2. c4 Nc6 3. Nf3 Bg4 4. e3 e5 5. Be2 Bb4+ 6. Nc3 exd4 7. Nxd4 Bxe2 8. Qxe2 Nf6 9. Nxc6 bxc6 10. 0-0 0-0 11. Rd1 Re8 12. Qc2 Qe7 13. a3 Bxc3 14. Qxc3 Rad8 15. b4 Qe4 16. Bb2 Qh4 17. cxd5 cxd5 18. Rd2 Re7 19. Rad1 Qh6 20. Qc5 Red7 21. Bxf6 Qxf6 22. Qxa7 h5 23. h3 Qg5 24. Qc5 Qe5 25. a4 g5 26. Rd4 f5 27. a5 g4 28. hxg4 hxg4 29. a6 g3 30. Rf4 Rh7 31. fxg3 Qe6 32. Rdf1 d4 33. exd4 Qe3+ 34. R4f2 Qxg3 35. Qe5 Qh4 36. Rf4 Qh2+ 37. Kf2 Rg7 38. Rg1 Qg3+ 39. Ke2 Qb3 40. Rxf5 Qc2+ 41. Kf3 Qd3+ 42. Kf2 Qc2+ 43. Kf3 Qd3+ 44. Kf2 Qc2+ 45. Kf3 1/2-1/2

[Event "EU-Cup 31st"]
[Site "Skopje"]
[Date "2015.10.18"]
[Round "1.5"]
[White "Thee, Bernd"]
[Black "Hammes, Michael"]
[Result "0-1"]
[WhiteElo "2012"]
[BlackElo "2336"]
[PlyCount "78"]
[EventDate "2015.10.18"]
[EventType "team-swiss"]
[EventRounds "7"]
[EventCountry "MKD"]
[SourceTitle "CBM 169"]
[Source "ChessBase"]
[SourceDate "2015.11.10"]
[SourceVersion "1"]
[SourceVersionDate "2015.11.10"]
[SourceQuality "1"]
[WhiteTeam "Adare"]
[BlackTeam "Eynatten"]
[WhiteTeamCountry "IRL"]
[BlackTeamCountry "BEL"]

1. e4 e6 2. d4 d5 3. e5 c5 4. Nf3 cxd4 5. Bd3 Nc6 6. 0-0 Nge7 7. Bf4 Ng6 8. Bg3 Be7 9. Nbd2 f5 10. exf6 gxf6 11. Bxg6+ hxg6 12. Nb3 e5 13. Nh4 g5 14. Ng6 Rh6 15. Nxe7 Nxe7 16. Re1 Kf7 17. Qd2 Nf5 18. Rac1 Nxg3 19. fxg3 Kg7 20. c3 dxc3 21. Qxc3 Qb6+ 22. Kh1 Bd7 23. Qc5 Qxc5 24. Nxc5 Bc6 25. Nxb7 Bxb7 26. Rc7+ Kg6 27. Rxb7 g4 28. Kg1 d4 29. Rd7 a5 30. Rc1 a4 31. Rc2 Kf5 32. Rg7 Ke4 33. Rxg4+ Ke3 34. Rc1 Rb8 35. Rc2 d3 36. Rf2 e4 37. Kf1 Rxh2 38. Rh4 Rxh4 39. gxh4 d2 0-1

[Event "Bunratty Masters op 22nd"]
[Site "Bunratty"]
[Date "2015.02.22"]
[Round "6"]
[White "Thee, Bernd"]
[Black "Harding, Timothy David"]
[Result "0-1"]
[WhiteElo "1994"]
[BlackElo "2106"]
[PlyCount "42"]
[EventDate "2015.02.20"]
[EventType "swiss"]
[EventRounds "6"]
[EventCountry "IRL"]
[SourceTitle "CBM 165 Extra"]
[Source "ChessBase"]
[SourceDate "2015.04.21"]
[SourceVersion "1"]
[SourceVersionDate "2015.04.21"]
[SourceQuality "1"]

1. d4 d5 2. c4 c6 3. Nf3 Nf6 4. cxd5 cxd5 5. Nc3 Nc6 6. Bf4 a6 7. e3 Bg4 8. Qb3 Bxf3 9. Qxb7 Na5 10. Qc7 Bg4 11. Qxd8+ Kxd8 12. Rc1 Bd7 13. Bd3 e6 14. 0-0 Nb7 15. e4 dxe4 16. Nxe4 Nd5 17. Bg3 h6 18. a3 f5 19. Nc3 Nxc3 20. Rxc3 Bd6 21. Rfc1 f4 0-1

[Event "Bunratty Masters op 22nd"]
[Site "Bunratty"]
[Date "2015.02.20"]
[Round "1"]
[White "Larisch, Rolf"]
[Black "Thee, Bernd"]
[Result "1-0"]
[WhiteElo "2155"]
[BlackElo "1994"]
[PlyCount "67"]
[EventDate "2015.02.20"]
[EventType "swiss"]
[EventRounds "6"]
[EventCountry "IRL"]
[SourceTitle "CBM 165 Extra"]
[Source "ChessBase"]
[SourceDate "2015.04.21"]
[SourceVersion "1"]
[SourceVersionDate "2015.04.21"]
[SourceQuality "1"]

1. d4 d5 2. c4 e6 3. Nf3 Nf6 4. e3 Bd6 5. b3 c6 6. Bd3 Nbd7 7. Bb2 0-0 8. 0-0 Re8 9. Ne5 Qc7 10. f4 b6 11. Nc3 Bb7 12. Rc1 dxc4 13. Bxc4 Rad8 14. Qe2 c5 15. Nb5 Qb8 16. Nxd6 Qxd6 17. Rfd1 cxd4 18. Rxd4 Qe7 19. Bb5 a6 20. Rc7 axb5 21. Rxb7 Nd5 22. Nc6 Qc5 23. Nxd8 Rxd8 24. Qd3 N7f6 25. Ra7 Ng4 26. h3 Ngf6 27. Kh1 Re8 28. a4 b4 29. Rc4 Qd6 30. Rcc7 Nh5 31. Rxf7 Qc5 32. Rxg7+ Nxg7 33. Rxg7+ Kf8 34. Qxh7 1-0

[Event "Bunratty Masters op 21st"]
[Site "Bunratty"]
[Date "2014.02.08"]
[Round "2"]
[White "Thee, Bernd"]
[Black "L'Ami, Alina"]
[Result "0-1"]
[WhiteElo "2002"]
[BlackElo "2398"]
[PlyCount "64"]
[EventDate "2014.02.07"]
[EventType "swiss"]
[EventRounds "6"]
[EventCountry "IRL"]
[SourceTitle "CBM 158 Extra"]
[Source "ChessBase"]
[SourceDate "2014.02.28"]
[SourceVersion "1"]
[SourceVersionDate "2014.02.28"]
[SourceQuality "1"]

1. e4 c5 2. Nf3 d6 3. Bb5+ Bd7 4. Qe2 Bxb5 5. Qxb5+ Qd7 6. Qxd7+ Nxd7 7. 0-0 Ngf6 8. Re1 g6 9. e5 dxe5 10. Nxe5 Bg7 11. Nxd7 Nxd7 12. Nc3 e5 13. d3 f5 14. Nb5 0-0 15. Nc7 Rac8 16. Ne6 Rfe8 17. Nxg7 Kxg7 18. a4 c4 19. dxc4 Rxc4 20. c3 f4 21. Bd2 Nc5 22. Re2 Rd8 23. Be1 Kf6 24. b4 Ne4 25. f3 Nxc3 26. Rc2 Rdc8 27. Kf1 Nd5 28. Rd2 Ne3+ 29. Kg1 Ke6 30. Rb1 Rc1 31. Rxc1 Rxc1 32. Kf2 Nc2 0-1

[Event "EU-Cup 29th"]
[Site "Rhodes"]
[Date "2013.10.24"]
[Round "5.3"]
[White "Thee, Bernd"]
[Black "Paakkonen, Timo"]
[Result "1/2-1/2"]
[WhiteElo "2098"]
[BlackElo "2290"]
[PlyCount "114"]
[EventDate "2013.10.20"]
[EventType "team-swiss"]
[EventRounds "7"]
[EventCountry "GRE"]
[SourceTitle "CBM 157"]
[Source "ChessBase"]
[SourceDate "2013.11.12"]
[SourceVersion "1"]
[SourceVersionDate "2013.11.12"]
[SourceQuality "1"]
[WhiteTeam "Adare"]
[BlackTeam "Porvoo Velhot"]
[WhiteTeamCountry "IRL"]
[BlackTeamCountry "FIN"]

1. e4 c5 2. Nf3 Nc6 3. Bb5 Na5 4. c3 a6 5. Ba4 b5 6. Bc2 Bb7 7. d4 cxd4 8. cxd4 Nf6 9. e5 Nd5 10. 0-0 Nb4 11. Nbd2 Nxc2 12. Qxc2 e6 13. Ne4 Rc8 14. Qd3 h6 15. b3 Be7 16. Bf4 0-0 17. Rac1 Nc6 18. Qe3 Nb4 19. Rxc8 Qxc8 20. Rc1 Qd8 21. Nc3 f5 22. exf6 Rxf6 23. a3 Nd5 24. Nxd5 Bxd5 25. Be5 Rf5 26. Bc7 Qf8 27. Rc3 Bxf3 28. gxf3 Bxa3 29. Be5 Kh7 30. Kg2 Rg5+ 31. Kf1 Qf5 32. Qe4 d6 33. Bg3 e5 34. dxe5 dxe5 35. Rc6 Qxe4 36. fxe4 Rg6 37. Rxg6 Kxg6 38. Bxe5 a5 39. Ke2 Kf7 40. f4 a4 41. bxa4 bxa4 42. Kd3 g6 43. Kc2 Bf8 44. f5 g5 45. Bd4 g4 46. e5 h5 47. Kd3 Ba3 48. Kc2 Bb4 49. Kd1 Ba3 50. Kc2 Bb4 51. Kd1 Ba5 52. Bb2 Bb6 53. e6+ Ke7 54. Ba3+ Kf6 55. Bb2+ Ke7 56. Ba3+ Kf6 57. Bb2+ Ke7 1/2-1/2